Housing densities policy launched (Record no. 73813)

MARC details
000 -LEADER
fixed length control field 01000cam a2200181 4500
001 - CONTROL NUMBER
control field WB3944-14
008 - FIXED-LENGTH DATA ELEMENTS--GENERAL INFORMATION
fixed length control field 031119n2003 000 0 eng u
035 ## - SYSTEM CONTROL NUMBER
System control number (Sirsi) u124384
245 ## - TITLE STATEMENT
Title Housing densities policy launched
260 ## - PUBLICATION, DISTRIBUTION, ETC.
Date of publication, distribution, etc. 2003
490 ## - SERIES STATEMENT
Series statement Town and Country Planning Association Press Release
Volume/sequential designation 18 November 2003 (3)
520 ## - SUMMARY, ETC.
Summary, etc. The Town and Country Planning Association has issued a policy statement "Residential densities". It sets out different measures of density, such as net, gross and town densities and different units of density, such as dwellings per hectare, habitable rooms per hectare and bed-spaces per hectare. The report can be viewed at http://tcpa.org.uk or can be obtained free of charge from the TCPA t +44 (0)20 7930 8930, e [email protected]. http://www.tcpa.org.uk/press_files/Press%20Releases%202003/Densities%20PS%20(171103).htm
590 ## - LOCAL NOTE (RLIN)
Local note WB
650 ## - SUBJECT ADDED ENTRY--TOPICAL TERM
Topical term or geographic name entry element HOUSING DENSITY
650 ## - SUBJECT ADDED ENTRY--TOPICAL TERM
Topical term or geographic name entry element PLANNING DEVELOPMENT
690 ## - LOCAL SUBJECT ADDED ENTRY--TOPICAL TERM (OCLC, RLIN)
Topical term or geographic name as entry element HOUSING
942 ## - ADDED ENTRY ELEMENTS (KOHA)
Suppress in OPAC 0
Holdings
Withdrawn status Lost status Source of classification or shelving scheme Damaged status Not for loan Home library Current library Shelving location Date acquired Total Checkouts Full call number Barcode Date last seen Copy number Price effective from Koha item type
    Dewey Decimal Classification     London London News article 19/11/2003   WB3944-14 124384-1001 06/08/2019 1 06/08/2019 News article